000
00314nam a22001217a 4500
008
171020b xxu||||| |||| 00| 0 eng d
041
_a
eng
080
_a
338
100
_a
54
101
_a
MEN
245
_a
APPLICATIONS OF UTILITY THEORY IN THE ECONOMIC EVALUATION OF HEALTH CARE
_c
BLEICHRODT,H
942
_2
udc
_c
BK
999
_c
35064
_d
35064